| 000 | 00686nam a22001937a 4500 | ||
|---|---|---|---|
| 008 | 150527b xxu||||| |||| 00| 0 eng d | ||
| 020 | _a9780071435086 | ||
| 041 | 0 | _aeng | |
| 080 | _a658 | ||
| 100 | 1 | _aGeorge, Michael L. | |
| 245 | 1 | 0 |
_aConquering complexity in your business : _cMichael L. George, Stephen A. Wilson. |
| 260 |
_aNew York : _bMcGraw-Hill, _cc2004. |
||
| 300 |
_a336 f. : _bme il. ; _c24 cm. |
||
| 500 | _aPreface:f XI-XVI | ||
| 650 | 0 | _aMenaxhment | |
| 650 | 0 | _aEfiçienca industriale | |
| 700 | 1 |
_aWilson, Stephen A. _d1969- _q(Stephen Anthony), |
|
| 942 |
_2udc _cBK |
||
| 999 |
_c912 _d912 |
||